Normal view
MARC view
Entry Nome pessoal
001 - NÚMERO DE CONTROLE
- campo de controle: 795
003 - IDENTIFICADOR DO NÚMERO DE CONTROLE
- campo de controle: Br
005 - DATA E HORÁRIO DA ÚLTIMA TRANSAÇÃO
- campo de controle: 20250404102459.0
008 - CAMPO DE DADOS FIXOS
- campo de controle de tamanho fixo: 971202n| acnnnaab| aaaa |d
035 ## - NÚMERO DE CONTROLE DO SISTEMA
- Número de Controle do Sistema: 97120214531157E19
040 ## - FONTE DA CATALOGAÇÃO
- Instituição da catalogação original: Br
- Instituição que transcreveu o registro: Br
100 1# - CABEÇALHO--NOME PESSOAL
- Nome pessoal: Carvalho, Vera Lúcia Marinzeck de,
- Datas associadas ao nome: 1948-
400 1# - REMISSIVA VER--NOME PESSOAL
- Nome pessoal: Marinzeck de Carvalho, Vera Lúcia
- Datas associadas ao nome: 1948-
400 1# - REMISSIVA VER--NOME PESSOAL
- Nome pessoal: Carvalho, Vera Lúcia M.
- Datas associadas ao nome: 1948-
- Forma completa do nome: (Vera Lúcia Marinzeck de)
670 ## - FONTE POSITIVA DOS DADOS
- Citação da fonte positiva dos dados: Autora de: Reconciliação...1991.
670 ## - FONTE POSITIVA DOS DADOS
- Citação da fonte positiva dos dados: Em: Carlos, Antonio (Espírito). Filho adotivo. 1993
- Dados encontrados na fonte localizada no subcampo: (/ Vera Lúcia M. Carvalho)
670 ## - FONTE POSITIVA DOS DADOS
- Citação da fonte positiva dos dados: Em: Castro, João Duarte de. Rosana, a terceira vítima fatal... c1993
- Dados encontrados na fonte localizada no subcampo: (orelha: d.n.)
670 ## - FONTE POSITIVA DOS DADOS
- Citação da fonte positiva dos dados: http://authorities.loc.gov 16/11/09
- Dados encontrados na fonte localizada no subcampo: (médium espírita brasileira)
670 ## - FONTE POSITIVA DOS DADOS
- Citação da fonte positiva dos dados: http://pt.wikipedia.org/wiki/Vera_L%C3%BAcia_Marinzeck_de_Carvalho
- Dados encontrados na fonte localizada no subcampo: (Vera Lúcia Marinzeck de Carvalho nasceu em São Sebastião do Paraíso, MG. É uma médium espírita brasileira)